书目信息 |
| 题名: |
艺术创造学
|
|
| 作者: | 余秋雨 著 | |
| 分册: | ||
| 出版信息: | 武汉 长江文艺出版社 2013.08 |
|
| 页数: | 230页 | |
| 开本: | 24cm | |
| 丛书名: | ||
| 单 册: | ||
| 中图分类: | J04 | |
| 科图分类: | ||
| 主题词: | 艺术创作--艺术理论 , 艺术创作 , 艺术理论 | |
| 电子资源: | ||
| ISBN: | 978-7-5354-6854-3 | |
| 000 | 00814nam0 2200265 450 | |
| 001 | 0107001154 | |
| 005 | 20140612091105.07 | |
| 010 | @a978-7-5354-6854-3@dCNY38.00 | |
| 100 | @a20130815d2013 em y0chiy0110 ea | |
| 101 | 0 | @achi |
| 102 | @aCN@b420000 | |
| 105 | @aaf z 000yy | |
| 106 | @ar | |
| 200 | 1 | @a艺术创造学@9yi shu chuang zao xue@f余秋雨[著] |
| 210 | @a武汉@c长江文艺出版社@d2013.08 | |
| 215 | @a230页@c图,照片,图版(1叶)@d24cm | |
| 330 | @a本书共分十一章,内容包括:艺术本性;艺术眼光;人生意识;哲理品格;未知和两难;集体深层心理;直觉;象征等。 | |
| 333 | @a艺术创造学研究相关人员 | |
| 606 | 0 | @a艺术创作@x艺术理论 |
| 606 | 0 | @a艺术创作 |
| 606 | 0 | @a艺术理论 |
| 690 | @aJ04@v5 | |
| 701 | 0 | @a余秋雨@9yu qiu yu@4著 |
| 801 | 0 | @aCN@b人天书店@c20130815 |
| 905 | @b549647-49@dJ04@e293@f3 | |
| 艺术创造学/余秋雨[著].-武汉:长江文艺出版社,2013.08 |
| 230页:图,照片,图版(1叶);24cm |
| 使用对象:艺术创造学研究相关人员 |
| ISBN 978-7-5354-6854-3:CNY38.00 |
| 本书共分十一章,内容包括:艺术本性;艺术眼光;人生意识;哲理品格;未知和两难;集体深层心理;直觉;象征等。 |
| ● |
| 相关链接 |
|
|
|
|
正题名:艺术创造学
索取号:J04/293
 
预约/预借
| 序号 | 登录号 | 条形码 | 馆藏地/架位号 | 状态 | 备注 |
| 1 | 549647 | 205496471 | 第一样本阅览室/ [索取号:J04/293] | 在馆 | |
| 2 | 549648 | 205496480 | 第一借阅区/ [索取号:J04/293] | 在馆 | |
| 3 | 549649 | 205496499 | 第一借阅区/ [索取号:J04/293] | 在馆 |